| 000 | 00368nam a2200145Ia 4500 | ||
|---|---|---|---|
| 008 | 230917s9999||||xx |||||||||||||| ||und|| | ||
| 040 |
_e199859 _aMAIN |
||
| 041 | _aEnglish | ||
| 082 | _a759.95414 T129S:T | ||
| 100 | _aSom, Sovon | ||
| 245 | 0 | _aTagore's paintings: Verification in line | |
| 260 |
_aNew Delhi _bNiyogi Books _c2011 |
||
| 300 | _a95 p. | ||
| 942 | _cBK | ||
| 999 |
_c170639 _d170639 |
||